书目信息 |
| 题名: |
101位年轻人应知道的世界名人
|
|
| 作者: | 雯莉 编著 | |
| 分册: | ||
| 出版信息: | 北京 中国华侨出版社 2004 |
|
| 页数: | 396页 | |
| 开本: | 21cm | |
| 丛书名: | ||
| 单 册: | ||
| 中图分类: | K812 , K811 | |
| 科图分类: | ||
| 主题词: | 名人--生平事迹--世界 , 名人 , 人物--传记--世界 | |
| 电子资源: | ||
| ISBN: | 7-80120-789-0 | |
| 000 | 00888nam0 2200265 450 | |
| 001 | 1532077160 | |
| 005 | 20150125085502.50 | |
| 010 | @a7-80120-789-0@dCNY24.80 | |
| 100 | @a20040409d2004 em y0chiy50 ea | |
| 101 | 0 | @achi |
| 102 | @aCN@b110000 | |
| 105 | @aa z 000yd | |
| 200 | 1 | @a101位年轻人应知道的世界名人@9101 wei nian qing ren ying zhi dao de shi jie ming ren@f雯莉编著 |
| 210 | @a北京@c中国华侨出版社@d2004 | |
| 215 | @a396页@c图@d21cm | |
| 330 | @a本书收录了101位影响力大、创造性强、感人至深的世界名人。书中展现了他们一段百味人生的成长记录,揭示了一个真理:名人决非天生。 | |
| 510 | 1 | @aThe 101 Influential Persons for Youngsters to Know@zeng |
| 606 | 0 | @a名人@x生平事迹@y世界 |
| 606 | 0 | @a名人 |
| 606 | 0 | @a人物@x传记@x世界 |
| 690 | @aK812@v5 | |
| 690 | @aK811@v4 | |
| 701 | 0 | @a雯莉@9wen li@4编著 |
| 801 | 0 | @aCN@bTSSF@c20150125 |
| 905 | @aZUCC@dK811@eJY49 | |
| 101位年轻人应知道的世界名人/雯莉编著.-北京:中国华侨出版社,2004 |
| 396页:图;21cm |
| ISBN 7-80120-789-0:CNY24.80 |
| 本书收录了101位影响力大、创造性强、感人至深的世界名人。书中展现了他们一段百味人生的成长记录,揭示了一个真理:名人决非天生。 |
| ● |
| 相关链接 |
|
|
|
|
正题名:101位年轻人应知道的世界名人
索取号:K811/JY49
 
预约/预借
| 序号 | 登录号 | 条形码 | 馆藏地/架位号 | 状态 | 备注 |
| 1 | 7857015 | 278570155 | 学院路分馆/ [索取号:K811/JY49] | 在馆 | |
| 2 | 7857016 | 278570164 | 学院路分馆/ [索取号:K811/JY49] | 在馆 | |
| 3 | 7857017 | 278570173 | 学院路分馆/ [索取号:K811/JY49] | 在馆 |